Fastperiodische Funktionen.
Guardado en:
| Autor Principal: | |
|---|---|
| Formato: | Libro |
| Idioma: | German |
| Publicado: |
Berlin :
Springer,
1950.
|
| Series: | Grundlehren der mathematischen Wissenschaften in Einzeldarstellungen mit besonderer Berücksichtigung der Anwendungsgebiete ;
Bd. 61. |
| Materias: | |
| Etiquetas: |
Agregar Etiqueta
Sin Etiquetas, Sea el primero en etiquetar este registro!
|
| LEADER | 00840cam a22002291a 4500 | ||
|---|---|---|---|
| 001 | MAT.inmabb005500 | ||
| 008 | 750603s1950####gw#######b####000#0#ger## | ||
| 005 | 20170822123158.0 | ||
| 245 | 1 | 0 | |a Fastperiodische Funktionen. |
| 260 | |a Berlin : |b Springer, |c 1950. | ||
| 300 | |a viii, 240 p. ; |c 25 cm. | ||
| 490 | 1 | |a Die Grundlehren der mathematischen Wissenschaften in Einzeldarstellungen ... ; |v Bd. 61 | |
| 504 | |a Bibliografía: p. [222]-235. | ||
| 510 | 4 | |a MR, |c MR0041961 | |
| 100 | 1 | |a Maak, Wilhelm, |d 1912- | |
| 830 | 0 | |a Grundlehren der mathematischen Wissenschaften in Einzeldarstellungen mit besonderer Berücksichtigung der Anwendungsgebiete ; |v Bd. 61. | |
| 650 | 0 | |a Harmonic analysis. | |
| 650 | 0 | |a Fourier series. | |
| 084 | |a 42.4X |2 MR | ||
| 010 | |a 51001526 | ||
| 040 | |a DLC |c GAT |d OCoLC |d DLC | ||
| 859 | |h 42 |i M111 |p A-2169 |b BIB. MATEMATICA | ||
